Statistics for Basic Geography by Letter : A

Click here to take the quiz!

General Stats

  • This quiz has been taken 67 times
  • The average score is 23 of 40

Answer Stats

Countries% Correct
Austria
95%
Australia
93%
Albania
92%
Algeria
92%
Andorra
92%
Armenia
92%
Afghanistan
90%
Atlantic Ocean
88%
Azerbaijan
88%
Angola
87%
Argentina
87%
Antigua and Barbuda
82%
Adriatic Sea
77%
Aegean Sea
77%
Amsterdam
67%
Arctic Ocean
63%
Algiers
62%
Ankara
62%
Abuja
58%
Abu Dhabi
55%
Accra
55%
Andorra La Vella
53%
Antananarivo
53%
Astana
53%
Asunción
52%
Addis Ababa
48%
Amman
48%
Apia
47%
Athens
47%
Ashgabat
42%
Asmara
42%
Arabian Sea
38%
Andaman Sea
28%
Aral Sea
27%
Alboran Sea
12%
Arafura Sea
8%
Aland Sea
7%
Amundsen Sea
5%
Aki-nada
3%
Amakusa-nada
3%

Score Distribution

Percentile by Number Answered

Percent of People with Each Score

Your Score History

You have not taken this quiz